000 00443cam a22001814a 4500
005 20250605164405.0
008 250528s ||||||||||||||||||||||||d
035 _a24796
040 _aGR-AtMCL
_bgre
_dGR-AtMCL
_eAACR2
245 1 _aThe Observer Modern Studies Handbook / Drugs
260 _c1986
300 _a48
700 1 _aHawkes Nigel
_92555
942 _cBK
710 2 _aThe Observer
_99795
999 _c9643
_d9643